| 000 | 01246nam a2200349Ia 4500 | ||
|---|---|---|---|
| 005 | 20220317001845.0 | ||
| 008 | 170410s2013 s a g 000 j s | ||
| 020 | _a9788496974074 | ||
| 041 | _aspa | ||
| 100 | 1 |
_aTolstoi, León Nikolayevich _d1828-1910 |
|
| 245 | 1 | 0 |
_aFábulas _cLeón Tolstói ; ilustraciones Carla Olivé; traducción Eusebio Eras |
| 250 | _a1a. edición | ||
| 300 |
_a102 páginas _bilustraciones en color _c15 cm |
||
| 500 | _aIncluye datos biográficos del autor | ||
| 534 | _tBasni | ||
| 650 | 1 | 4 |
_2LEMB _aCuentos infantiles rusos _ySiglo XIX _vColecciones |
| 650 | 1 | 4 |
_2LEMB _aLiteratura infantil rusa _ySiglo XIX _vColecciones |
| 650 | 1 | 4 |
_2LEMB _aFábulas rusas _vColecciones |
| 650 | 1 | 4 |
_2LEMB _aAnimales en la literatura |
| 650 | 1 | 4 |
_2LEMB _aVanidad en la literatura |
| 650 | 1 | 4 |
_2LEMB _aArboles en la literatura |
| 650 | 1 | 4 |
_2LEMB _aHistorias de aventuras en la literatura |
| 700 | 1 |
_aOlivé, Carla _eilustradora _977978 |
|
| 700 | 1 |
_aEras, Eusebio _etraductor _977979 |
|
| 942 |
_2loc _cBKLIT |
||
| 264 |
_aMadrid _bGadir _c2013 |
||
| 336 |
_atexto _btxt _2rdacontent |
||
| 337 |
_asin mediación _bn _2rdamedia |
||
| 338 |
_avolumen _bnc _2rdacarrier |
||
| 040 |
_aCO-BoRNBP _bspa _erda _cCO-BoRNBP |
||
| 084 | _aC TOL1 | ||
| 999 |
_c8319 _d8319 |
||